Obálka Náhled e-knihy:
PDF Epub
Pro půjčování e-knih musíte být přihlášeni.
Jak si půjčit online?

Bastard /

Jsem muž, který se zrodil z bolesti a byl vychovaný  v chaosu. Jsem Hawthorne. Narodil jsem se do bohatství, které se směje nad utrpením. Dědictví je v tomto případě spíš prokletím. Viděl jsem věci, jež by měly zůstat skryté, a naučil se, že svět je jen hra lží a zlomených slibů. Pak ale z...

Celý popis

Uloženo v:
Série:Vládci chaosu, část 3
Hlavní autor: Jell, Marcy (Autor)
Médium: E-kniha
Jazyk:Czech
Vydáno: Praha : Nakladatelství Solis s.r.o., 2026
Příbuzné jednotky:Z cyklu:: Vládci chaosu
Tagy:
Žádné tagy
LEADER 01707nam a22002417i 4500
001 302431
007 ta
008 260512s2026 xr ||||| |||| 00| 0 cze d
020 |a 9990004270268 
044 |a xr 
100 1 |a  Jell, Marcy  |4 aut 
245 1 0 |a Bastard /  |c  Jell, Marcy 
264 1 |a Praha :  |b Nakladatelství Solis s.r.o.,  |c 2026 
300 |a 1 online zdroj (282 stran) 
336 |a text  |b txt  |2 rdacontent 
337 |a bez média  |b n  |2 rdamedia 
338 |a online zdroj  |b cr  |2 rdacarrier 
520 2 |a Jsem muž, který se zrodil z bolesti a byl vychovaný  v chaosu. Jsem Hawthorne. Narodil jsem se do bohatství, které se směje nad utrpením. Dědictví je v tomto případě spíš prokletím. Viděl jsem věci, jež by měly zůstat skryté, a naučil se, že svět je jen hra lží a zlomených slibů. Pak ale z temnoty přišla žena – bez varování, bez smyslu. Nepatřila k mým pravidlům ani do mého pokřiveného světa.  A přesto rozbila všechny moje obranné zdi jediným pohledem. Něco ve mně zemřelo, ale něco jiného se probudilo. A já se už nikdy nemůžu vrátit tam, kde jsem byl. Její jméno nevyslovím, protože když to udělám, už není cesty zpět. 
787 0 8 |g 3  |i Z cyklu:  |t Vládci chaosu 
910 |a RBIT002 
998 |d 427026  |a https://core.palmknihy.cz/api/books/427026/cover?tev5rh  |b https://core.palmknihy.cz/api/books/427026/cover/400?tev5rh  |c https://core.palmknihy.cz/api/books/427026/cover/50?tev5rh  |e   |g 282  |i 9990004270268  |j https://core.palmknihy.cz/api/books/427026/preview.epub  |k https://core.palmknihy.cz/api/books/427026/preview.pdf  |l   |q 49  |r 1  |s https://www.palmknihy.cz/kniha/427026  |t ebook  |y 2026  |z 1  |v Vládci chaosu  |w 3 
999 |d 302429